000 00381nam a22001577a 4500
020 _a81-7099-942-1
041 _aENG
100 _aChandrasekhaean.H
245 _aWater Resources Development and Management
250 _a1st edition
260 _aNew Delhi
_bMittal Publication
_c2004
300 _a336
650 _aIDE
700 _aSharma.R.K,Sundaram
856 _uIDE ( 05 )
999 _c1527
_d1527